La gran aldea

Gardado en:
Detalles Bibliográficos
Autor Principal: López, Lucio Vicente
Formato: Libro
Idioma:Undetermined
Publicado: Buenos Aires, Argentina Centro Editor de América Latina 1967
Materias:
Etiquetas: Engadir etiqueta
Sen Etiquetas, Sexa o primeiro en etiquetar este rexistro!

MARC

LEADER 00000nam a2200000Ia 4500
008 170316s9999 xx 000 0 und d
040 |a cru BVZT 
090 |a 860 L-22g 
100 |a López, Lucio Vicente 
245 |a La gran aldea 
260 |a Buenos Aires, Argentina 
260 |b Centro Editor de América Latina 
260 |c 1967 
300 |a 135 páginas 
650 |a LITERATURA LATINOAMERICANA 
999 |c 8873  |d 8873 
942 |c 15 D  |h 860 L-22g  |2 z